000 04370cam a22012494i 4500
003 PE-LiUPU
005 20250813185603.0
008 150706s r 000 0 d
020 _a9786124011320
035 _a(Sirsi) i9786124011320
040 _aPE-LiUPU
_bspa
_cPE-LiUPU
_erda
049 _aPRUA
082 0 4 _a378.155085
_bC2
_221
245 0 0 _aCarreras y postgrados de las universidades del Perú :
_bproyecto Mesalc-Perú /
_cLuis Piscoya Hermoza, ed.
264 1 _aLima :
_bAsamblea Nacionala de Rectores,
_c2010.
300 _a157 páginas ;
_c30 centímetros
336 _atext
_2rdacontent
337 _aunmediated
_2rdamedia
338 _avolume
_2rdacarrier
505 0 _aCarreras profesionales -- CRI Lima -- Universidad Nacional Mayor de San Marcos (Lima) -- Pontificia Universidad Católica del Perú (Lima) -- Universidad Nacional de Ingeniería (Lima) -- Universidad Nacional de Ingeniería (Lima) -- Universidad Nacional Agraria La Molina (Lima) -- Universidad Peruana Cayetano Heredia (Lima) -- Universidad del Pacífico (Lima) -- Universidad de Lima (Lima) -- Universidad de San Martín de Porres (Lima) -- Universidad Femenina del Sagrado Corazón (Lima) -- Universidad Nacional Federico Villarreal (Lima) -- Universidad Inca Garcilaso de la Vega (Lima) -- Universidad Nacional de Educación Enrique Guzmán y Valle (Chosica) -- Universidad Nacional del Callao (Callao) -- Universidad Nacional José Faustino Sánchez Carrión (Huacho) -- Universidad Ricardo Palma (Lima) -- Universidad Peruana Unión (Ñaña) -- Universidad Privada Marcelino Champagnat (Lima) -- Universidad Peruana de Ciencias Aplicadas (Lima) -- Universidad San Ignacio de Loyola (Lima) -- Universidad Alas Peruanas (Lima) -- Universidad Privada Norbet Wiener (Lima) -- .
526 _aP202
526 _aP201
526 _aP163
526 _aP162
526 _aP161
526 _aP160
526 _aP148
526 _aP147
526 _aP146
526 _aP145
526 _aP144
526 _aP143
526 _aP142
526 _aP141
526 _aP140
526 _aP139
526 _aP138
526 _aP137
526 _aP136
526 _aP135
526 _aP134
526 _aP133
526 _aP129
526 _aP128
526 _aP127
526 _aP120
526 _aP119
526 _aP118
526 _aP116
526 _aP115
526 _aP114
526 _aP110
526 _aP109
526 _aP108
526 _aP104
526 _aP103
526 _aP102
526 _aP99
526 _aP98
526 _aP97
526 _aP96
526 _aP95
526 _aP93
526 _aP90
526 _aP89
526 _aP88
526 _aP83
526 _aP82
526 _aP62
526 _aP59
526 _aP58
526 _aP57
526 _aP51
526 _aP49
526 _aP48
526 _aP47
526 _aP29
526 _aP24
526 _aP20
526 _aP19
526 _aP17
526 _aP15
526 _aP14
526 _aP12
526 _aP10
526 _aP09
526 _aP08
526 _aP07
526 _aP06
526 _aP05
526 _aP04
526 _aP01
650 1 8 _aEducación superior
_zPerú
_vGuías.
650 2 8 _aUniversidades y escuelas superiores
_zPerú.
650 2 8 _aProfesiones
_zPerú.
700 1 _aPiscoya Hermoza, Luis,
_eed.
910 _bjv
_clch
_d20110523
942 _2ddc
_cBOOK
949 _a378.155085 C2
_wDEWEY
_c1
_i62876
_lCCODEBUL1
_mBUL
_p18.00
_r0
_sY
_tBOOK
_u2015-7-6
_xEDUCACION
_zUNKNOWN
_0COMPRA
_o.STAFF. Colección General
949 _a378.155085 C2
_wDEWEY
_c2
_i62875
_lCCODEBUL1
_mBUL
_p18.00
_r0
_sY
_tBOOK
_u2015-7-6
_xEDUCACION
_zUNKNOWN
_0COMPRA
_o.STAFF. Colección General
994 _aC0
_bPEPRU
596 _a1
999 _a378.155085 C2
_wDEWEY
_c51905
_i62876
_f2021-11-8
_g5
_lCCODEBUL1
_mBUL
_p18.00
_r0
_sN
_tBOOK
_u2015-7-6
_xEDUCACION
_zUNKNOWN
_0COMPRA
_o.STAFF. Colección General
_d51905
999 _a378.155085 C2
_wDEWEY
_c2
_i62875
_f2021-11-8
_g5
_lCCODEBUL1
_mBUL
_p18.00
_r0
_sN
_tBOOK
_u2015-7-6
_xEDUCACION
_zUNKNOWN
_0COMPRA
_o.STAFF. Colección General
980 _81
_gALBERTO SANCHEZ Responsable de Automatización